A história do Brasil em Cordel (Record no. 74482)

MARC details
000 -LÍDER
campo de controle de tamanho fixo 00370 a2200157 4500
001 - NÚMERO DE CONTROLE
campo de controle 74482
020 ## - ISBN - INTERNATIONAL STANDARD BOOK NUMBER
ISBN - International Standard Book Number
040 ## - FONTE DA CATALOGAÇÃO
Instituição que transcreveu o registro Anchieta - Colégio São Paulo
100 ## - ENTRADA PRINCIPAL--NOME PESSOAL
Nome pessoal Oliveira, Marco Túlio Miranda de
240 10 - TÍTULO UNIFORME
Título uniforme A história do Brasil em Cordel
Idioma da obra por
245 10 - TÍTULO
Título A história do Brasil em Cordel
300 ## - DESCRIÇÃO FÍSICA
Extensão
362 0# - DATAS DE PUBLICAÇÃO E/OU DESIGNAÇÃO SEQUENCIAL
Datas de publicação e/ou designação sequencial 1996
650 #4 - ASSUNTO--TERMO TÓPICO
Cabeçalho tópico ou nome geográfico Brasil
942 ## - ELEMENTOS DE ENTRADA ADICIONADOS (KOHA)
Tipo de material Koha Livros
Holdings
Situação do descarte Situação das perdas Situação física Não pode ser emprestado Biblioteca de origem Biblioteca atual Data de aquisição Total de empréstimos Número de chamada completo Código de barras Data de último acesso Data do preço efetivo Tipo de material Koha
        Colégio São Paulo Colégio São Paulo 22/11/2023   981 O482 5169/CSP 22/11/2023 22/11/2023 Livros